Minnesota Twins Multi-Choice Trivia - Statistics

General Stats
  • This quiz has been taken 26 times
  • The average score is 7 of 10
Answer Stats
Question Answer % Correct
Who were the two notable first-round draft picks by the Twins? Joe Mauer and Royce Lewis
95%
Who did the Twins beat in 1991 in the World Series? Atlanta Braves
90%
Who did the Twins beat in the 1987 World Series? St. Louis Cardinals
86%
Where did the Twins franchise play before they moved to Minnesota? Washington, D.C.
86%
Who is the Twins all-time leader in home runs with 559? Harmon Killebrew
81%
What year did the Twins beat the single-season home run record with 309? 2019
76%
Which one of these players was NEVER an All-Star for the Twins? Royce Lewis
67%
What year did Justin Morneau win the MVP award? 2006
38%
How long was the Twins playoff win drought? 19 years
33%
Who snubbed Johan Santana of the Cy Young Award in 2005? Bartolo Colon
19%
No matching quizzes found
Score Distribution
Percent of People with Each Score
Percentile by Number Answered
Your Score History
You have not taken this quiz